[Event "Mississauga Spring op"]
[Site "Mississauga"]
[Date "2019.03.24"]
[Round "5.10"]
[White "Chakkoli, Shiva"]
[Black "Momic, Jovan"]
[Result "1/2-1/2"]
[WhiteElo "1882"]
[BlackElo "2004"]
[PlyCount "55"]
[EventDate "2019.03.23"]
[EventType "swiss"]
[EventRounds "5"]
[EventCountry "CAN"]
[SourceTitle "EXT 2022"]
[Source "ChessBase"]
[SourceDate "2021.10.06"]
[SourceVersion "1"]
[SourceVersionDate "2021.10.06"]
[SourceQuality "1"]

1. c4 e6 2. Nc3 d5 3. cxd5 exd5 4. d4 Nf6 5. Bg5 Be7 6. e3 0-0 7. Bd3 Nc6 8. Nge2 h6 9. Bh4 Be6 10. a3 a6 11. Bc2 b5 12. Qd3 g6 13. Nf4 Bf5 14. Qe2 Bxc2 15. Bxf6 Bxf6 16. Qxc2 Ne7 17. 0-0 Rc8 18. Nd3 c6 19. Nc5 a5 20. Qd2 a4 21. Rad1 Nf5 22. Nb1 Re8 23. Qc3 Kh7 24. Rc1 Qc7 25. Qd3 Bg5 26. Rc3 Bf6 27. Rfc1 Qa7 28. Nd2 1/2-1/2

[Event "Mississauga Spring op"]
[Site "Mississauga"]
[Date "2019.03.23"]
[Round "1.5"]
[White "Li, William"]
[Black "Momic, Jovan"]
[Result "1-0"]
[WhiteElo "2274"]
[BlackElo "2004"]
[PlyCount "69"]
[EventDate "2019.03.23"]
[EventType "swiss"]
[EventRounds "5"]
[EventCountry "CAN"]
[SourceTitle "EXT 2022"]
[Source "ChessBase"]
[SourceDate "2021.10.06"]
[SourceVersion "1"]
[SourceVersionDate "2021.10.06"]
[SourceQuality "1"]

1. e4 c5 2. Nf3 Nc6 3. Bb5 d6 4. 0-0 Bd7 5. Re1 e5 6. c3 a6 7. Bf1 Nf6 8. d4 cxd4 9. cxd4 exd4 10. Nxd4 Be7 11. Nc3 0-0 12. Bf4 Qb6 13. Nb3 Ne5 14. Be3 Qd8 15. f4 Neg4 16. Bd4 Nh6 17. a4 Be6 18. f5 Bd7 19. h3 d5 20. e5 Ne4 21. Nxd5 Bxf5 22. Bb6 Qd7 23. Rxe4 Qe6 24. Nxe7+ Qxe7 25. Re1 Qb4 26. Bc5 Qf4 27. Bxf8 Rxf8 28. Qd2 Qh4 29. Nd4 Rd8 30. Nxf5 Nxf5 31. Qf2 Qg5 32. Rad1 Rc8 33. Qd2 Qh4 34. Qd7 Rf8 35. Qxf5 1-0

[Event "Mississauga Spring op"]
[Site "Mississauga"]
[Date "2019.03.23"]
[Round "2.10"]
[White "Momic, Jovan"]
[Black "Ahmed, Syed Ibrahim"]
[Result "0-1"]
[WhiteElo "2004"]
[BlackElo "2037"]
[PlyCount "54"]
[EventDate "2019.03.23"]
[EventType "swiss"]
[EventRounds "5"]
[EventCountry "CAN"]
[SourceTitle "EXT 2022"]
[Source "ChessBase"]
[SourceDate "2021.10.06"]
[SourceVersion "1"]
[SourceVersionDate "2021.10.06"]
[SourceQuality "1"]

1. d4 f5 2. c4 Nf6 3. Nc3 g6 4. Nf3 Bg7 5. Bg5 0-0 6. Qb3 b6 7. Ne5 c5 8. dxc5 bxc5 9. g3 Na6 10. Bg2 Rb8 11. Qc2 Nb4 12. Qd2 Ne4 13. Nxe4 fxe4 14. Ng4 d5 15. Nh6+ Kh8 16. Rd1 Nxa2 17. Bxe4 Rxb2 18. Qxd5 Qxd5 19. Bxd5 Nc3 20. 0-0 e6 21. Ra1 exd5 22. cxd5 Nxe2+ 23. Kg2 Bb7 24. Ng4 Bxd5+ 25. Kh3 Be6 26. Kh4 Rb4 27. f4 Bxa1 0-1

[Event "Mississauga Spring op"]
[Site "Mississauga"]
[Date "2019.03.23"]
[Round "3.9"]
[White "Papneja, Arul"]
[Black "Momic, Jovan"]
[Result "0-1"]
[WhiteElo "1905"]
[BlackElo "2004"]
[PlyCount "40"]
[EventDate "2019.03.23"]
[EventType "swiss"]
[EventRounds "5"]
[EventCountry "CAN"]
[SourceTitle "EXT 2022"]
[Source "ChessBase"]
[SourceDate "2021.10.06"]
[SourceVersion "1"]
[SourceVersionDate "2021.10.06"]
[SourceQuality "1"]

1. d4 d5 2. Bf4 Nf6 3. e3 e6 4. Nf3 c5 5. c3 Nc6 6. Nbd2 c4 7. b3 b5 8. a4 b4 9. cxb4 c3 10. Nb1 Bxb4 11. Qc2 Qa5 12. Bd3 Bb7 13. 0-0 0-0 14. Rc1 Rac8 15. Qe2 h6 16. h3 Ne4 17. Ra2 Ne7 18. Ne1 Nd2 19. Qd1 a6 20. Nc2 Nxb3 0-1